000 00473nab a2200145Ia 4500
003 ES-SlBCS
005 20210601143145.0
008 140529s2004 xxu||||| |||| 00| 0 spa d
041 _aspa
100 1 _aUrquijo Reguera, Mariana
_938628
245 0 0 _aLos secretos del fundamento
_c Mariana Urquijo Reguera
650 0 4 _aFundamento
_9159075
773 0 _tLogos (Madrid) Antes: Anales del Seminario de Metafisica
_gvol. 37, nº. 1, 2004, págs. 375-386
_wRev1660
942 _cAR
999 _c687962
_d687962